| 000 | 00721nam a2200253 a 4500 | ||
|---|---|---|---|
| 001 | 575 | ||
| 003 | BR-CuiBMT | ||
| 005 | 20231109203350.0 | ||
| 008 | 231109s2014 mgb 001 0 por d | ||
| 020 | _a9788577008100 | ||
| 040 |
_aBR-CuiBMT _cBR-CuiBMT |
||
| 080 |
_22007 _a342 |
||
| 090 |
_a342 _bC649t _c2. ed. |
||
| 100 | 1 |
_aClève, Clèmerson Merlin _d1958- |
|
| 245 | 1 | 0 |
_aTemas de direito constitucional / _cClèmerson Merlin Clève. |
| 250 | _a2. ed., rev., atual. e ampl. | ||
| 260 |
_aBelo Horizonte : _bFórum, _c2014. |
||
| 300 |
_a503 p. : _c25 cm |
||
| 504 | _aInclui bibliografia. | ||
| 650 | _aDireito constitucional | ||
| 650 | _aDireito público | ||
| 650 | _aFilosofia jurídica | ||
| 942 |
_2udc _cLV |
||
| 999 |
_c575 _d575 |
||